ՀՀ Գիտությունների ազգային ակադեմիայի հիմնարար գիտական գրադարան  =   Fundamental Scientific Library of NAS RA

Методология и методика археологических реконструкций : (Record no. 371785)

MARC details
000 -LEADER
fixed length control field 00970nam a2200193 a 4500
001 - CONTROL NUMBER
control field 001163326
003 - CONTROL NUMBER IDENTIFIER
control field AM-YeHGA
005 - DATE AND TIME OF LATEST TRANSACTION
control field 20250617152507.0
008 - FIXED-LENGTH DATA ELEMENTS--GENERAL INFORMATION
fixed length control field 160712s1994 ru r 000 0 rus d
040 ## - CATALOGING SOURCE
Original cataloging agency AM-YeHGA
041 0# - LANGUAGE CODE
Language code of text/sound track or separate title rus
090 ## - LOCALLY ASSIGNED LC-TYPE CALL NUMBER (OCLC); LOCAL CALL NUMBER (RLIN)
-- 373664
245 00 - TITLE STATEMENT
Title Методология и методика археологических реконструкций :
Remainder of title Сборник научных трудов /
Statement of responsibility, etc. РАН; Ин-т археологии и этнографии; Отв. ркд. А.П. Деревянко.
260 ## - PUBLICATION, DISTRIBUTION, ETC.
Place of publication, distribution, etc. Новосибирск :
Name of publisher, distributor, etc. Б. и.,
Date of publication, distribution, etc. 1994.
300 ## - PHYSICAL DESCRIPTION
Extent 148 с. :
Other physical details ил.
653 0# - INDEX TERM--UNCONTROLLED
Uncontrolled term Археологические реконструкции - Использование математических методов
700 1# - ADDED ENTRY--PERSONAL NAME
Personal name Деревянко, А.П.
Relator term ред.
Relationship edt
710 2# - ADDED ENTRY--CORPORATE NAME
Corporate name or jurisdiction name as entry element Институт археологии Ин-т археологии и этнографии Российской академии наук
Holdings
Withdrawn status Lost status Damaged status Not for loan Collection Home library Current library Date acquired Total checkouts Full call number Barcode Date last seen Price effective from Koha item type Public note
        General Fundamental Scientific Library Fundamental Scientific Library 11/01/2017   PIII/59705 FL0413000 11/01/2017 11/01/2017 Գրքեր / Books 30 Days Loan


ՀՀ ԳԱԱ հիմնարար գիտական գրադարան
ՀՀ,Երևան 0019
Մարշալ Բաղրամյան 24/6
հեռախոս:(374-10) 52-47-50
Հետադարձ կապ

All site content, except where otherwise noted, is licensed under a
Creative Commons License